Le tourisme d'aventure au Canada

Bewaard in:
Bibliografische gegevens
Formaat: Sách giấy
Gepubliceerd in: Canada : WTO, 1995
Tags: Voeg label toe
Geen labels, Wees de eerste die dit record labelt!
Thư viện lưu trữ: Thư viện Trường Đại học Đà Lạt
LEADER 00487nam a2200229 4500
001 DLU020018241
005 ##7/2/2001
020 # # |a 978- 
041 # # |f re 
082 # # |a 338.479 1  |b Tou 
245 # # |a Le tourisme d'aventure au Canada 
260 # # |a Canada :  |b WTO,  |c 1995 
300 # # |a 113 tr.;   |c 28 cm. 
992 # # |a 0 
994 # # |a DLU 
900 # # |a False 
911 # # |a Administrator 
925 # # |a G 
926 # # |a A 
927 # # |a SH 
980 # # |a Thư viện Trường Đại học Đà Lạt